000 00446nam a22001817a 4500
003 MPLRDC
005 20220104174815.0
008 210129b ||||| |||| 00| 0 eng d
020 _a967-933-850-9
082 _a524.9562 TOON-2 1990 c.2
100 _aTAN YIN TOON
245 _aKIMIA ORGANIK STPM
_c
250 _a第四版
260 _a
_bPENERBIT FAJAR BAKTI
_c1990
300 _b
650 _a
942 _cBK
_o524.9562 TOON-2 1990 c.2
999 _c60046
_d60036